| 000 | 00904nam a2200253 a 4500 | ||
|---|---|---|---|
| 001 | 13247 | ||
| 003 | BD-JhCC | ||
| 005 | 20230801084114.0 | ||
| 008 | 230623s2019 bg a|||| ||a| 00| 0 ben d | ||
| 020 | _a9789848881138 | ||
| 035 | _a(BD-JhCC)13247 | ||
| 040 |
_aBD-JhCC _dBD-JhCC |
||
| 041 | _aben | ||
| 082 |
_a891.4435 _bHAB 2019 |
||
| 100 | _aহাবীব, আহসান | ||
| 245 |
_aগোয়েন্দা আঙ্কেল / _cআহসান হাবীব; চিত্রাবলীতে মাহাতাব রশীদ |
||
| 260 |
_aঢাকা : _bচিলড্রেন বুক কালেকশন, _c২০১৯ |
||
| 300 |
_a৭২ পৃ. : _c২৩ সেমি. _bরঙিন পৃষ্ঠা; |
||
| 650 | _aChildren stories | ||
| 650 | _aJuvenile Literature | ||
| 700 | _aরশীদ, মাহাতাব | ||
| 942 |
_2ddc _cBK |
||
| 999 |
_c13247 _d13247 |
||